Naturaleza y civilización de la grandiosa isla de Cuba o estudios variados y científicos al alcance de todos, y otros históricos, estadísticos y políticos. (Record no. 163774)

MARC details
000 -LEADER
campo de control de longitud fija 01156nam a2200241 i 4500
001 - NÚMERO DE CONTROL
campo de control 163774
003 - IDENTIFICADOR DE NÚMERO DE CONTROL
campo de control ES-MaACL
005 - FECHA Y HORA DE LA ÚLTIMA TRANSACCIÓN
campo de control 20251012063057.0
008 - DATOS DE LONGITUD FIJA--INFORMACIÓN GENERAL
campo de control de longitud fija 950206m18761887sp |||| | spa d
100 1# - ENTRADA PRINCIPAL--NOMBRE DE PERSONA
Nombre de persona Rodríguez Ferrer, Miguel,
Fechas asociadas al nombre 1815-1889
9 (RLIN) 131928
245 10 - MENCIÓN DEL TÍTULO
Título Naturaleza y civilización de la grandiosa isla de Cuba o estudios variados y científicos al alcance de todos, y otros históricos, estadísticos y políticos.
Número de parte o sección de la obra I /
Mención de responsabilidad, etc. por Miguel Rodríguez Ferrer.
260 ## - PUBLICACIÓN, DISTRIBUCIÓN, ETC.
Lugar de publicación, distribución, etc. Madrid :
Nombre del editor, distribuidor, etc. [s.n.],
Fecha de publicación, distribución, etc. 1876-1887 (
Fabricante Imp. de J. Noguera a cargo de M. Martínez)
300 ## - DESCRIPCIÓN FÍSICA
Extensión 1 v. (XV, 942 p.) ;
Dimensiones 26 cm.
505 8# - NOTA DE CONTENIDO CON FORMATO
Nota de contenido con formato Contiene: v. 1. Naturaleza. Precede a ésta una introducción sobre las colonias en general y nuestras provincias ultramarinas en particular
530 ## - NOTA DISPONIBLE DE FORMULARIO FÍSICO ADICIONAL
Nota de formato físico adicional disponible Disponible en formato digital.
597 ## - NOTA DE DESCRIPCIÓN FÍSICA
NOTA DE DESCRIPCIÓN FÍSICA Signaturizado.
650 #4 - PUNTO DE ACCESO ADICIONAL DE MATERIA--TÉRMINO DE MATERIA
Término de materia o nombre geográfico como elemento de entrada Naturaleza-
Subdivisión geográfica Cuba.
9 (RLIN) 161103
651 #4 - PUNTO DE ACCESO ADICIONAL DE MATERIA--NOMBRE GEOGRÁFICO
Nombre geográfico Cuba-
Subdivisión general Descripción.
9 (RLIN) 8092
651 #4 - PUNTO DE ACCESO ADICIONAL DE MATERIA--NOMBRE GEOGRÁFICO
Nombre geográfico Cuba-
Subdivisión general Civilización.
9 (RLIN) 8091
852 ## - LOCALIZACIÓN
Ubicación ES-MaACL
Número de control de estantería G-6680
Nota libre - Enc. hol.
856 ## - LOCALIZACIÓN Y ACCESO ELECTRÓNICOS
Identificador Uniforme de Recursos <a href="http://bdh-rd.bne.es/viewer.vm?id=0000041426&page=1 ">http://bdh-rd.bne.es/viewer.vm?id=0000041426&page=1 </a>
Nota pública Biblioteca Digital Hispánica (v. 1-2)
Holdings
Estatus retirado Estado de pérdida Estado de daño No para préstamo Colección Biblioteca de origen Biblioteca actual Ubicación en estantería Fecha de adquisición Fuente de adquisición Total de préstamos Signatura topográfica completa Código de barras Visto por última vez Precio de reemplazo Tipo de ítem Koha
        Colección digital Biblioteca del Ateneo de Madrid Biblioteca del Ateneo de Madrid Depósito 2 17/01/2008     G-6680 1171632 23/02/2023 23/02/2023 Libro impreso antiguo